000 01255nab a22002417a 4500
999 _c5445
_d5445
003 OSt
005 20251020130912.0
008 190604e xxu||||| |||| 00| 0 spa d
040 _cPJ
100 _96315
_aAlvarez, Rocío Belén
245 1 0 _aAnálisis jurídico y constitucional del decreto 62/2025. Inconstitucionalidad, regresividad, falacias y vulneración de derechos en la modificación de la Ley de Identidad de Género /
_cRocío Belén Álvarez, Estela Luján Núñez.
260 _aCiudad Autónoma de Buenos Aires :
_bThomson Reuters La Ley,
_c2025.
300 _ap. 44-50
500 _aCita Online: TR LALEY AR/DOC/776/2025.
505 _tSumario: I. Resumen del DNU 62/2025.— II. Análisis jurídico y constitucional del dec. 62/2025.— III. Conclusión.
505 _t¿Te interesa el texto completo? Solicitalo al correo: koha@justierradelfuego.gov.ar
650 0 _94305
_aDERECHO A LA IDENTIDAD DE GÉNERO
650 0 _91576
_aDISCRIMINACION
650 0 _9200
_aDECRETOS DE NECESIDAD Y URGENCIA
700 _96316
_aNuñez, Estela Luján
_ecoautora
773 0 _02714
_93171
_dCiudad Autónoma de Buenos Aires : Thomson Reuters La Ley, 2014-
_tRevista anales de legislación argentina. Nº 4 - Mayo 2025.
942 _2udc
_cANA